000 00724cam a2200229 a 4500
999 _c57752
_d57752
001 17271788
005 20221107171127.0
008 120425s2019 ne b 001 0 eng
020 _a9789089522085x
041 _aeng
080 _a341 B-71
100 1 _aBogdan, Michael
_d
_99675
245 1 0 _aConcise introduction to EU private international law /
_cMichael Bogdan.
250 _aFourth edition
264 _aGroningen :
_bEuropa Law Pub.,
_c2019.
300 _a 246 p. ;
_c24 cm.
650 0 _aConflict of laws
_zEuropean Union countries.
_99676
653 _aსამართალი
653 _aევროკავშირი
700 _aPertegas , Marta
_eავტორი
_99677
942 _2udc
_cBK